| 000 | 01143nac a22003257a 4500 | ||
|---|---|---|---|
| 001 | BR8101652 | ||
| 003 | BR-BrBNA | ||
| 005 | 20240105114940.0 | ||
| 008 | 230509b bl.|||m| |||| 00| 0 por d | ||
| 040 |
_aBR-BrBNA _bpor _cBiblioteca Nacional de Agricultura |
||
| 072 | _aL30; L00 | ||
| 090 | _a5214 BR8101652 | ||
| 100 | 1 | _aVilela, D. | |
| 100 | 1 | _aCampos, O.F. de | |
| 100 | 1 | _aMatos, L.L. | |
| 110 | 1 |
_aCentro Nacional de Pesquisa de Gado de Leite, Coronel Pacheco, MG (Brasil) _91775 |
|
| 245 | 1 | _aPastejo precoce de bezerros de raca leiteira nascidos em duas estacoes do ano [Minas Gerais; Brasil] | |
| 246 | 1 | _a[Early grazing of dairy breed calves born in two seasons [Minas Gerais; Brazil]] | |
| 260 | 3 |
_aCoronel Pacheco, MG (Brasil): _c1981. |
|
| 300 | _a5 p. | ||
| 490 |
_aCircular Tecnica - Centro Nacional de Pesquisa de Gado de Leite (Brazil) _vno. 9 _xISSN 0100-8757 |
||
| 650 | _aNutricao animal | ||
| 650 | _aProducao animal | ||
| 650 | _aBezerro leiteiro | ||
| 650 | _aPastejo | ||
| 650 | _aCriacao | ||
| 650 | _aMinas Gerais | ||
| 909 |
_a202312 _bLúcia Elande _c55 _dLúcia Elande |
||
| 942 |
_2AGRIS _n0 _cMS |
||
| 999 |
_c272200 _d272200 |
||